000 00415cam a2200169ua 4500
020 _c1.00
041 _aeng
_h
082 _a320.58
_bMAN/EN
100 _aManubahen, Gandhi .
245 _aEnd of an Epoch /
_cManubahen Gandhi.
_hTextual Documents
260 _aAhmadabad :
_bNavajivan publishing house ,
_c1962.
300 _a78 ; .
365 _a1.00
504 _a
942 _cBK
999 _c931
_d931